| 000 | 00612nam a22002177a 4500 | ||
|---|---|---|---|
| 003 | OSt | ||
| 005 | 20220107122715.0 | ||
| 008 | 130527b xxu||||| |||| 00| 0 eng d | ||
| 020 | _a9781107647671 | ||
| 020 | _a9780521192736 | ||
| 040 | _cIIITM-K | ||
| 082 | _a510 RIL/F | ||
| 100 | 1 |
_aRiley, K. F. _9605 |
|
| 245 | 1 | 0 |
_aFoundation mathematics for the physical sciences _cby K.F. Riley, M.P. Hobson. |
| 260 |
_aNew Delhi, _bCambridge University Press, _c2011. |
||
| 300 | _axii, 721 p. | ||
| 650 | 0 |
_aMATHEMATICS _9606 |
|
| 650 | 7 |
_aPHYSICAL SCIENCES _9608 |
|
| 700 | 1 |
_aHobson, M. P. _9609 |
|
| 942 |
_2ddc _cBK |
||
| 999 |
_c3019 _d3019 |
||